Clubs de NBA par emojis - Statistiques

Statistiques générales
  • Ce quiz a été pris 470 fois
  • Le résultat moyen est 21 sur 30
Statistiques - réponses
Hint Réponse % Correct
💚🤍☘️ Boston Celtics
86%
💙🤍🐺 Minnesota Timberwolves
86%
💙💛🌉 Golden State Warriors
85%
❤️🤍🚀®️ Houston Rockets
85%
💙🩵🐻 Memphis Grizzlies
84%
❤️🤍🦅 Atlanta Hawks
83%
💚🤍🦌 Milwaukee Bucks
82%
❤️🤍🖤🐂 Chicago Bulls
81%
💙🧡🤍🗽 New York Knicks
81%
🇨🇦🖤❤️🦖 Toronto Raptors
81%
💛💜🔝 Los Angeles Lakers
79%
💙🩵🤍🐝 Charlotte Hornets
78%
💜🧡🖤☀️ Phoenix Suns
77%
💜🤍🖤👑 Sacramento Kings
76%
🖤🤍💛🎵 Utah Jazz
74%
🖤🤍🩶🇫🇷 San Antonio Spurs
73%
💙🤍🧡⚡️ Oklahoma City Thunder
72%
🖤🤍🗽 Brooklyn Nets
71%
💙🖤🪄 Orlando Magic
70%
💛💙🅿️ Indiana Pacers
67%
💙🤍🖤🐴 Dallas Mavericks
65%
🖤❤️🔥 Miami Heat
62%
🖤❤️💛©️ Cleveland Cavaliers
56%
💙🤍💛⚒️ Denver Nuggets
56%
💙💛🦢 New Orleans Pelicans
52%
🖤❤️🤍↖️ Portland Trail Blazers
50%
🤍💙❤️🪄 Washington Wizards
44%
💙🤍❤️🔔 Philadelphie 76ers
42%
🤍💙❤️🧭⛴️ Los Angeles Clippers
41%
🤍💙❤️🏀 Detroit Pistons
23%
Aucun quiz correspondant
Distribution des résultats
% des personnes avec chaque résultat
Percentile par nombre de réponses
Votre historique - résultats
Vous n’avez pas pris ce quiz